<?xml version="1.0" encoding="UTF-8"?>
<collection xmlns="http://www.loc.gov/MARC21/slim">
 <record>
  <leader>00631nab a2200169 i 4500</leader>
  <controlfield tag="001">delm87118</controlfield>
  <controlfield tag="005">20191014142844.0</controlfield>
  <controlfield tag="008">191014s1996    hu      o     0||   hun d</controlfield>
  <datafield tag="040" ind1=" " ind2=" ">
   <subfield code="a">SZTE Délmagyarország Archívum</subfield>
   <subfield code="b">hun</subfield>
  </datafield>
  <datafield tag="041" ind1=" " ind2=" ">
   <subfield code="a">hun</subfield>
  </datafield>
  <datafield tag="100" ind1="1" ind2=" ">
   <subfield code="a">Bálint Gyula György</subfield>
  </datafield>
  <datafield tag="245" ind1="1" ind2="2">
   <subfield code="a">A svéd nagykövet Csongrádon </subfield>
   <subfield code="h">[elektronikus dokumentum] :</subfield>
   <subfield code="b">a református gyülekezet vendége /</subfield>
   <subfield code="c"> Bálint Gyula György</subfield>
  </datafield>
  <datafield tag="260" ind1=" " ind2=" ">
   <subfield code="c">1996-04-22</subfield>
  </datafield>
  <datafield tag="300" ind1=" " ind2=" ">
   <subfield code="a">3</subfield>
  </datafield>
  <datafield tag="490" ind1="0" ind2=" ">
   <subfield code="a">Délmagyarország</subfield>
   <subfield code="v">86 No. 94</subfield>
  </datafield>
  <datafield tag="695" ind1=" " ind2=" ">
   <subfield code="a">Lundvik, Jan, Csongrád (város), Politikus látogatása Csongrád, Egyház protestáns református Csongrád</subfield>
  </datafield>
  <datafield tag="700" ind1="0" ind2="1">
   <subfield code="a">Lundvik, Jan</subfield>
   <subfield code="e">aut</subfield>
  </datafield>
 </record>
</collection>
